The unconscious reconsidered / (Record no. 147379)

MARC details
000 -LEADER
campo de control de longitud fija 00685nam a2200229 i 4500
001 - NÚMERO DE CONTROL
campo de control 147379
003 - IDENTIFICADOR DE NÚMERO DE CONTROL
campo de control ES-MaACL
005 - FECHA Y HORA DE LA ÚLTIMA TRANSACCIÓN
campo de control 20230906201952.0
007 - CAMPO FIJO DE DESCRIPCIÓN FÍSICA--INFORMACIÓN GENERAL
campo de control de longitud fija t|
008 - DATOS DE LONGITUD FIJA--INFORMACIÓN GENERAL
campo de control de longitud fija 070928s1984 xxu ||||1| eng d
020 ## - NÚMERO INTERNACIONAL ESTÁNDAR DEL LIBRO
Número Internacional Estándar del Libro 0-471-87558-9
080 ## - NÚMERO DE LA CLASIFICACIÓN DECIMAL UNIVERSAL
Número de la Clasificación Decimal Universal 159.964
245 03 - MENCIÓN DEL TÍTULO
Título The unconscious reconsidered /
Mención de responsabilidad, etc. edited by Kenneth S. Bowers and Donald Meichenbaum.
260 ## - PUBLICACIÓN, DISTRIBUCIÓN, ETC.
Lugar de publicación, distribución, etc. New York [etc.] :
Nombre del editor, distribuidor, etc. John Wiley and Sons,
Fecha de publicación, distribución, etc. 1984.
300 ## - DESCRIPCIÓN FÍSICA
Extensión 311 p. ;
Dimensiones 25 cm.
490 1# - MENCIÓN DE SERIE
Mención de serie Wiley Interscience
700 1# - ENTRADA AGREGADA--NOMBRE PERSONAL
Nombre de persona Bower, Kenneth S.
9 (RLIN) 31134
700 1# - ENTRADA AGREGADA--NOMBRE PERSONAL
Nombre de persona Meichenbaum, Donald.
9 (RLIN) 79823
830 0# - PUNTO DE ACCESO ADICIONAL DE SERIE-TÍTULO UNIFORME
Título uniforme Wiley Interscience
9 (RLIN) 220924
852 ## - LOCALIZACIÓN
Ubicación ES-MaACL
Número de control de estantería L-10586
Sublocalización o colección R.111544
Holdings
Estatus retirado Estado de pérdida Estado de daño No para préstamo Biblioteca de origen Biblioteca actual Ubicación en estantería Fecha de adquisición Fuente de adquisición Total de préstamos Signatura topográfica completa Código de barras Visto por última vez Precio de reemplazo Tipo de ítem Koha
        Biblioteca del Ateneo de Madrid Biblioteca del Ateneo de Madrid Depósito 2 17/01/2008     L-10586 1153799 23/02/2023 23/02/2023 Libro impreso